Selection and clustering of image dimensions /

Bibliographic Details
Main Author: May, Eleanor G.
Corporate Author: Marketing Science Institute
Format: Book
Language:English
Published: Cambridge, Mass. : Marketing Science Institute, 1971.
Series:Working paper (Marketing Science Institute)
Preliminary research report (Marketing Science Institute)
Subjects:

MARC

Tag First Indicator Second Indicator Subfields
LEADER 00000cam a2200000 4500
001 in00000061360
005 20151007082713.0
008 731213s1971 mau b 00010 eng d
035 |a (OCoLC)00759533 
035 |9 AAF8287AM 
040 |c DRB  |d TXA  |d UtOrBLW 
049 |a TXAM  |c [930613] 
090 |a HF5463  |b .M33 
100 1 |a May, Eleanor G. 
245 1 0 |a Selection and clustering of image dimensions /  |c by Eleanor G. May. 
264 1 |a Cambridge, Mass. :  |b Marketing Science Institute,  |c 1971. 
300 |a 20 pages ;  |c 29 cm. 
336 |a text  |b txt  |2 rdacontent 
337 |a unmediated  |b n  |2 rdamedia 
338 |a volume  |b nc  |2 rdacarrier 
490 1 |a Marketing Science Institute. Working paper 
490 1 |a Marketing Science Institute. Preliminary research report 
500 |a "P-65." 
504 |a Includes bibliographical references. 
650 0 |a Department stores. 
650 0 |a Marketing research. 
650 0 |a Consumers. 
650 0 |a Motivation research (Marketing) 
710 2 |a Marketing Science Institute. 
830 0 |a Working paper (Marketing Science Institute) 
830 0 |a Preliminary research report (Marketing Science Institute) 
999 |a MARS 
999 f f |s 1235822c-4f9c-3ee7-b658-3f76bb549a5f  |i 6098bfd8-8e4b-38c8-8c09-17b4b16d4aa0  |t 0 
952 f f |p ric  |a Texas A&M University  |b Rellis Campus  |c Joint Library Facility  |d Remote Storage  |t 0  |e HF5463 .M33  |h Library of Congress classification  |i unmediated -- volume  |m A14802802031 
998 f f |a HF5463 .M33  |t 0  |l Remote Storage